| 000 | 00467nam a2200169 i 4500 | ||
|---|---|---|---|
| 001 | 114731 | ||
| 003 | ES-MaACL | ||
| 007 | t| | ||
| 008 | 070322s1961 sp ||||1| spa d | ||
| 080 | _a821.134.2-31"19" | ||
| 100 | 1 |
_aAdro Xavier, _d1910-1998 _918481 |
|
| 245 | 1 | 4 |
_aLos otros huérfanos / _cAdro Xavier. |
| 260 |
_aBarcelona : _bFlors, _c1961. |
||
| 300 |
_a266 p. ; _c18 cm. |
||
| 852 |
_aES-MaACL _jE-2483 _bR.47821 |
||
| 999 |
_c114731 _d114731 |
||